000 01975nam0a2200361 4500
001 RU\NLR\bibl\350368
005 20250621153432.0
010 _a5-94486-015-4
_93100
021 _aRU
_b2002-47897
_92321
035 _a(NLR Aleph) 000345103
090 _a240809
_c240809
100 _a20021218d2002 |||y0rusy50 ca
101 0 _arus
102 _aRU
105 _ay |||||||||
200 1 _aИностранные инвестиции в Республике Беларусь
_eКоммент. разд. IV Инвестиц. кодекса Респ. Беларусь
_fЯ. И. Функ
210 _aМ.
_aМинск
_cИзд-во деловой и учеб. лит.
_cАмалфея
_d2002
215 _a175 с.
_d20
604 _171001$aРоссийская Федерация. Законы
_150011$aИнвестиционный кодекс Республики Беларусь$2psbo
_aРоссийская Федерация. Законы
_tИнвестиционный кодекс Республики Беларусь
606 0 _aИнвестиции капитала иностранные
_jЗаконы, постановления и т.п.
_jКомментарии
_yБеларусь, Республика
_92275484
_3RU\NLR\auth\661363647
606 0 _aИнвестиции капитала иностранные
_jЗаконодательные материалы
_jКомментарии
_yБеларусь, Республика
_92275484
_3RU\NLR\auth\661363647
610 0 _aИностранный капитал в Беларуси, Республике - Законодательство
675 _a339.727.22(476)(094.5.072)
_v3
_zrus
686 _a06.51
_2rugasnti
686 _a65.268
_2rubbk
686 _aХ621.9(2Б)140.4-32
700 1 _aФунк
_bЯ. И.
_gЯн Иосифович
_4070
801 0 _aRU
_bRKP
_c20021218
_gPSBO
801 1 _aRU
_bRKP
_c20021218
801 2 _aRU
_bNLR
_c20030219
_grcr
942 _cBOOK
980 _aNB